书目信息 |
| 题名: |
精密工程测量实训指导与习题
|
|
| 作者: | 桂维振 , 崔有祯 主编 | |
| 分册: | ||
| 出版信息: | 北京 测绘出版社 2019.01 |
|
| 页数: | 187页 | |
| 开本: | 26cm | |
| 丛书名: | 工程测量技术专业项目教学教材 | |
| 单 册: | ||
| 中图分类: | TB22 | |
| 科图分类: | ||
| 主题词: | 工程测量--gong cheng ce liang--职业大学--教学参考资料 | |
| 电子资源: | ||
| ISBN: | 978-7-5030-4141-9 | |
| 000 | 01469nam 2200289 450 | |
| 001 | 94913 | |
| 005 | 20250821081053.16 | |
| 010 | @a978-7-5030-4141-9@dCNY32.00 | |
| 100 | @a20190425d2019 em y0chiy50 ea | |
| 101 | 0 | @achi |
| 102 | @aCN@b110000 | |
| 105 | @aak z 000yy | |
| 106 | @ar | |
| 200 | 1 | @a精密工程测量实训指导与习题@Ajing mi gong cheng ce liang shi xun zhi dao yu xi ti@d= Training guide and exercises for precise engineering survey@f桂维振, 崔有祯主编@zeng |
| 210 | @a北京@c测绘出版社@d2019.01 | |
| 215 | @a187页@c图@d26cm | |
| 225 | 2 | @a工程测量技术专业项目教学教材@Agong cheng ce liang ji shu zhuan ye xiang mu jiao xue jiao cai |
| 300 | @a国家示范性高等职业院校建设项目 | |
| 330 | @a《精密工程测量实训指导与习题》为高等职业技术教育工程测量技术专业的项目教学教材, 以工学结合、任务驱动、情境导入为教学理念。主要内容包括精密工程测量精密工程水平控制网、精密工程高程控制网、精密工程测量标志建立、精密电子水准仪在精密工程测量中的应用、测量机器人技术在精密工程测量中的应用、精密定向测量、精密设备安装与检测、三维工业测量、检测数据处理、精密工程测量案例等的实训指导与习题。 | |
| 410 | 0 | @12001 @a工程测量技术专业项目教学教材 |
| 510 | 1 | @aTraining guide and exercises for precise engineering survey@zeng |
| 606 | 0 | @a工程测量@Agong cheng ce liang@x职业大学@j教学参考资料 |
| 690 | @aTB22@v5 | |
| 701 | 0 | @a桂维振@Agui wei zhen@4主编 |
| 701 | 0 | @a崔有祯@Acui you zhen@4主编 |
| 801 | 0 | @aCN@c20250909 |
| 905 | @a河南城建学院图书馆@dTB22@eG767 | |
| 精密工程测量实训指导与习题= Training guide and exercises for precise engineering survey/桂维振, 崔有祯主编.-北京:测绘出版社,2019.01 |
| 187页:图;26cm.-(工程测量技术专业项目教学教材) |
| 国家示范性高等职业院校建设项目 |
| ISBN 978-7-5030-4141-9:CNY32.00 |
| 《精密工程测量实训指导与习题》为高等职业技术教育工程测量技术专业的项目教学教材, 以工学结合、任务驱动、情境导入为教学理念。主要内容包括精密工程测量精密工程水平控制网、精密工程高程控制网、精密工程测量标志建立、精密电子水准仪在精密工程测量中的应用、测量机器人技术在精密工程测量中的应用、精密定向测量、精密设备安装与检测、三维工业测量、检测数据处理、精密工程测量案例等的实训指导与习题。 |
| ● |
| 相关链接 |
|
|
|
正题名:精密工程测量实训指导与习题
索取号:TB22/G767
 
预约/预借
| 序号 | 登录号 | 条形码 | 馆藏地/架位号 | 状态 | 备注 |
| 1 | 1630534 | 216305344 | 自科库501/501自科库 5排2列2层/ [索取号:TB22/G767] | 在馆 |